000 00858nam a22002897a 4500
001 0004818
003 KOHA_MİRAKIL
005 20260207001426.0
007 ta
008 090506b1992 us |||gr||||#||||0|eng |
020 _a0716722909
040 _aTR-BiSEU
_btur
_cTR-BiSEU
_erda
041 0 _aeng
044 _cus
050 _aJX1391
_b.R88 1992
100 1 _aRussett, Bruce M..
245 1 _aWorld politics: the menu for choice/
_cBruce M. Russett ; Bruce Russett, Harvey Starr.
250 _a4th ed.
264 1 _aNew York :
_bW.H. Freeman
_c1992
300 _axiv, 565 sayfa: resimli, haritalı
336 _ametin
_btxt
_2rdacontent
337 _aaracısız
_bn
_2rdamedia
338 _acilt
_bnc
_2rdacarrier
500 _aIncludes bibliographical references and index.
650 0 _aInternational relations.
_97042
942 _2lcc
_cBK
999 _c4800
_d4800